El valor humano de la educación musical / (Record no. 141345)

MARC details
000 -LEADER
campo de control de longitud fija 01016nam a2200325 4500
001 - NÚMERO DE CONTROL
campo de control 141345
003 - IDENTIFICADOR DE NÚMERO DE CONTROL
campo de control ES-MaACL
005 - FECHA Y HORA DE LA ÚLTIMA TRANSACCIÓN
campo de control 20250823095837.0
007 - CAMPO FIJO DE DESCRIPCIÓN FÍSICA--INFORMACIÓN GENERAL
campo de control de longitud fija t|
008 - DATOS DE LONGITUD FIJA--INFORMACIÓN GENERAL
campo de control de longitud fija 070921s1981 sp ||||0| spa d
016 7# - NÚMERO DE CONTROL DE UNA AGENCIA BIBLIOGRÁFICA NACIONAL
Número de control cancelado/no válido IBH82012974
020 ## - NÚMERO INTERNACIONAL ESTÁNDAR DEL LIBRO
Número Internacional Estándar del Libro 84-7509-051-6
040 ## - FUENTE DE CATALOGACIÓN
Centro catalogador/agencia de origen IBH
Lengua de catalogación spa
Centro/agencia transcriptor M-BN-DP
080 ## - NÚMERO DE LA CLASIFICACIÓN DECIMAL UNIVERSAL
Número de la Clasificación Decimal Universal 78:37
080 ## - NÚMERO DE LA CLASIFICACIÓN DECIMAL UNIVERSAL
Número de la Clasificación Decimal Universal 78.01
100 1# - ENTRADA PRINCIPAL--NOMBRE DE PERSONA
Nombre de persona Willems, Edgar.
9 (RLIN) 116891
245 13 - MENCIÓN DEL TÍTULO
Título El valor humano de la educación musical /
Mención de responsabilidad, etc. Edgar Willems ; [traducción, María Teresa Brutocao y Nicolás Luis Fabiani].
260 ## - PUBLICACIÓN, DISTRIBUCIÓN, ETC.
Lugar de publicación, distribución, etc. Barcelona :
Nombre del editor, distribuidor, etc. Paidós,
Fecha de publicación, distribución, etc. 1981.
300 ## - DESCRIPCIÓN FÍSICA
Extensión 232 p. ;
Dimensiones 21 cm.
490 1# - MENCIÓN DE SERIE
Mención de serie Paidós studio ;
Designación de volumen o secuencia 11
504 ## - NOTA DE BIBLIOGRAFÍA, ETC.
Nota de bibliografía, etc. Bibliografía: p. 221-223.
650 #4 - PUNTO DE ACCESO ADICIONAL DE MATERIA--TÉRMINO DE MATERIA
Término de materia o nombre geográfico como elemento de entrada Música-
Subdivisión general Estudio y enseñanza
9 (RLIN) 15383
650 14 - PUNTO DE ACCESO ADICIONAL DE MATERIA--TÉRMINO DE MATERIA
Término de materia o nombre geográfico como elemento de entrada Música-
Subdivisión general Filosofía.
9 (RLIN) 15389
700 1# - ENTRADA AGREGADA--NOMBRE PERSONAL
Nombre de persona Brutocao, María Teresa.
9 (RLIN) 32233
700 1# - ENTRADA AGREGADA--NOMBRE PERSONAL
Nombre de persona Fabiani, Nicolás Luis.
9 (RLIN) 48516
830 0# - PUNTO DE ACCESO ADICIONAL DE SERIE-TÍTULO UNIFORME
Título uniforme Paidós studio ;
Designación de volumen o secuencia 11
9 (RLIN) 178141
852 ## - LOCALIZACIÓN
Ubicación ES-MaACL
Número de control de estantería L-9899
Sublocalización o colección R.111793
Holdings
Estatus retirado Estado de pérdida Estado de daño No para préstamo Biblioteca de origen Biblioteca actual Ubicación en estantería Fecha de adquisición Fuente de adquisición Total de préstamos Signatura topográfica completa Código de barras Visto por última vez Precio de reemplazo Tipo de ítem Koha
        Biblioteca del Ateneo de Madrid Biblioteca del Ateneo de Madrid Depósito 2 17/01/2008     L-9899 1147071 23/02/2023 23/02/2023 Libro impreso